000 00601nam a2200229Ia 4500
005 20260430150008.0
008 008 250103s9999 xx 000 0 eng d
037 _aTheses
040 _aCRL
040 _beng
040 _ceng
041 _2eng
041 _aeng
084 _qCRL
100 _aSharma Shweta Au.; Verma Vijay Kumar Gu.
_91236147
245 0 _aCustodial Crimes in India: A Study on Delhi Police
260 _c2022
300 _a95p.
700 _aUniversity of Delhi. Faculty of social Sciences. Deptt of Political Science
942 _cTH
999 _c1848683
_d1848683